¿Públicamente rentable? : evaluación de la TV pública chilena orientada al mercado /

Describe la azarosa trayectoria y el complejo desempeño actual de la televisión pública chilena, encarnada principal pero no exclusivamente en Televisión Nacional de Chile (TVN), que junto al Canal 13 de la Pontificia Universidad Católica de Chile, constituyen un rarísimo caso a nivel mundial de cad...

Descripción completa

Detalles Bibliográficos
Autor principal: Godoy Etcheverry, Sergio
Formato: Libro
Lenguaje:español
Publicado: Santiago, Chile Universidad Católica de Chile 2000
Colección:Divulgación
Materias:
Acceso en línea:

MARC

LEADER 00000cam a2200000 a 4500
001 017069
003 UAHC_CL
005 20170803121440.0
008 071129s2000 cl 000 bspa
020 |a 9561405628 
040 |a UAHC_CL  |c UAHC_CL  |d UAHC_CL 
082 0 4 |a 384.550983  |b G589  |2 20 
100 1 |a Godoy Etcheverry, Sergio 
245 1 0 |a ¿Públicamente rentable? :  |b evaluación de la TV pública chilena orientada al mercado /  |c Sergio Godoy Etcheverry. 
260 |b Universidad Católica de Chile  |a Santiago, Chile  |c 2000 
300 |a 319 p. 
490 0 |a Divulgación 
520 |a Describe la azarosa trayectoria y el complejo desempeño actual de la televisión pública chilena, encarnada principal pero no exclusivamente en Televisión Nacional de Chile (TVN), que junto al Canal 13 de la Pontificia Universidad Católica de Chile, constituyen un rarísimo caso a nivel mundial de cadenas sin fines de lucro, operadas con éxito en el mercado y que merecen conocerse más a fondo. 
650 4 |a TELEVISION  |x ASPECTOS ECONOMICOS  |z CHILE 
653 |a PERIODISMO 
900 |a 384.550983 GOD 
942 |c BK 
952 |0 0  |1 0  |4 0  |6 384_550983000000000_GOD  |7 0  |8 General  |9 33901  |a BC  |b BC  |c General  |d 2017-08-03  |l 0  |o 384.550983 GOD  |p 1359659  |r 2026-01-13 00:00:00  |t 1  |w 2017-08-03  |y BK 
952 |0 0  |1 0  |4 0  |6 384_550983000000000_GOD  |7 0  |8 General  |9 33902  |a BC  |b BC  |c General  |d 2017-08-03  |l 1  |m 1  |o 384.550983 GOD  |p 1359712  |r 2026-01-13 00:00:00  |s 2018-03-16  |t 2  |w 2017-08-03  |y BK 
999 |c 17069  |d 17069